000
00322nam a2200133Ia 4500
005
20260328104322.0
008
260328s9999||||xx |||||||||||||| ||und||
100
_a
Wujec, Tom
245
4
_a
The Future of Making /
_c
Tom Wujec
260
_b
Melcher Media
300
_a
320 p.
650
_a
DISEÑO INDUSTRIAL
942
_c
BK
999
_c
11397
_d
11397